<?xml version="1.0" encoding="UTF-8"?>
<marc:record xmlns:marc="http://www.loc.gov/MARC21/slim">
   <marc:leader>00000nam a2200000 a 4500</marc:leader>
   <marc:datafield ind1="1" ind2=" " tag="100">
      <marc:subfield code="a">Flügel-Anhalt, Margot</marc:subfield>
      <marc:subfield code="4">aut</marc:subfield>
      <marc:subfield code="e">Verfasser/-in</marc:subfield>
   </marc:datafield>
   <marc:datafield ind1="1" ind2=" " tag="100">
      <marc:subfield code="a">Arnu, Titus</marc:subfield>
      <marc:subfield code="4">aut</marc:subfield>
      <marc:subfield code="e">Verfasser/-in</marc:subfield>
   </marc:datafield>
   <marc:datafield ind1="0" ind2="0" tag="245">
      <marc:subfield code="a">Über Grenzen</marc:subfield>
   </marc:datafield>
   <marc:datafield ind1="0" ind2="0" tag="245">
      <marc:subfield code="b">Freiheit kennt kein Alter Wie ich mit 64 Jahren zum ersten  Mal auf ein Motorrad stieg und um die halbe Welt fuhr</marc:subfield>
   </marc:datafield>
   <marc:datafield ind1="0" ind2="0" tag="245">
      <marc:subfield code="c">Flügel-Anhalt, Margot</marc:subfield>
   </marc:datafield>
   <marc:datafield ind1=" " ind2="1" tag="264">
      <marc:subfield code="a">Ostfildern</marc:subfield>
      <marc:subfield code="b">DuMont Reiseverlag</marc:subfield>
      <marc:subfield code="c">2020</marc:subfield>
   </marc:datafield>
   <marc:datafield ind1=" " ind2=" " tag="250">
      <marc:subfield code="a">1. Aufl.</marc:subfield>
   </marc:datafield>
   <marc:datafield ind1="1" ind2=" " tag="520">
      <marc:subfield code="a">Angaben aus der Verlagsmeldung &#xD;
&#xD;
 &#xD;
&#xD;
  Über Grenzen : Freiheit kennt keinen Ruhestand! / von Margot Flügel-Anhalt, Titus Arnu &#xD;
&#xD;
 &#xD;
&#xD;
Freiheit in der Ferne oder Rentnerdasein in der Provinz? Mit 64 Jahren steht Margot Flügel-Anhalt vor der Wahl – und wagt den ganz großen Aufbruch. Zum ersten Mal in ihrem Leben setzt sie sich auf ein Motorrad und fährt auf und davon: von der Kleinstadt Sontra in Nordhessen durch Osteuropa und Zentralasien bis zum Pamir Highway. 18.046 Kilometer in 117 Tagen. Schwere Stürze, technische Pannen, totale Erschöpfung und Terrorakte – nichts bringt Margot davon ab, ihren Traum von der Ferne zu leben. Am Ende ihrer Reise sind es die unermessliche Hilfsbereitschaft und Großzügigkeit der fremden Menschen am Wegesrand und das Eintauchen in die Bergwelt Zentralasiens, die sie für immer dankbar machen.&#xD;
 &#xD;
„Der Aufbruch ist das Schwierigste, das Unterwegssein ist leicht und schön.“ Margot Flügel-Anhalt</marc:subfield>
   </marc:datafield>
   <marc:datafield ind1=" " ind2=" " tag="020">
      <marc:subfield code="a">9783770166954</marc:subfield>
      <marc:subfield code="9">9783770166954</marc:subfield>
   </marc:datafield>
   <marc:datafield ind1=" " ind2=" " tag="020">
      <marc:subfield code="a">3770166957</marc:subfield>
      <marc:subfield code="9">3770166957</marc:subfield>
   </marc:datafield>
   <marc:datafield ind1=" " ind2=" " tag="041">
      <marc:subfield code="a">ger</marc:subfield>
   </marc:datafield>
   <marc:datafield ind1=" " ind2=" " tag="300">
      <marc:subfield code="b">Ill. (farb.)</marc:subfield>
   </marc:datafield>
   <marc:datafield ind1=" " ind2=" " tag="338">
      <marc:subfield code="a">Band</marc:subfield>
   </marc:datafield>
   <marc:datafield ind1=" " ind2=" " tag="300">
      <marc:subfield code="a">288 S.</marc:subfield>
   </marc:datafield>
</marc:record>
